000 00839nas a2200277 4500
001 BR0101013
003 BR-BrBNA
005 20231205102127.0
007 ta
008 230509b bl.|||p| |||| 00| 00por d
040 _aBR-BrBNA
_bpor
_cBiblioteca Nacional de Agricultura
041 _a(Pt)
072 _aH10
100 1 _aBonato, O.
100 1 _aNoronha, A.C. da S.
100 1 _aMoraes, G. de
100 1 _aLucchini, F.
245 1 _aEstrutura etaria e flutuacao populacional de Amblyseius monihoti (Acari: Phytoseiidae)sobre mandioca
650 _aMandioca
650 _aAcaro Verde
650 _aCrescimento
650 _aFlutuacao Populacional
773 0 _tRevista Cientifica Rural (Brazil)
_xISSN 1413-8263
_g(2000), v. 5(1) p. 56-61
_wBR0101013
909 _a202311
_bLúcia
_c55
_dLúcia Elande
942 _2AGRIS
_n0
_cANA
999 _c165887
_d165887